Estudio histórico-artístico sobre la Colegiata de San Nicolás de Bari de Alicante (Record no. 95659)

MARC details
000 -LEADER
campo de control de longitud fija 00559nam a2200157 i 4500
001 - NÚMERO DE CONTROL
campo de control 95659
003 - IDENTIFICADOR DE NÚMERO DE CONTROL
campo de control ES-MaACL
005 - FECHA Y HORA DE LA ÚLTIMA TRANSACCIÓN
campo de control 20230906181741.0
007 - CAMPO FIJO DE DESCRIPCIÓN FÍSICA--INFORMACIÓN GENERAL
campo de control de longitud fija t|
008 - DATOS DE LONGITUD FIJA--INFORMACIÓN GENERAL
campo de control de longitud fija 050602s1958 sp ||||1| spa d
100 1# - ENTRADA PRINCIPAL--NOMBRE DE PERSONA
Nombre de persona Llorca Pillet, Juan.
9 (RLIN) 72860
245 10 - MENCIÓN DEL TÍTULO
Título Estudio histórico-artístico sobre la Colegiata de San Nicolás de Bari de Alicante
Resto del título : premio del Excmo. Ayuntamiento de Alicante /
Mención de responsabilidad, etc. Juan Llorca Pillet.
260 ## - PUBLICACIÓN, DISTRIBUCIÓN, ETC.
Lugar de publicación, distribución, etc. Alicante :
Nombre del editor, distribuidor, etc. [s.n.],
Fecha de publicación, distribución, etc. 1958 (
Fabricante Gráfs. Gutemberg)
300 ## - DESCRIPCIÓN FÍSICA
Extensión 35 p. :
Otras características físicas il. ;
Dimensiones 21 cm.
852 ## - LOCALIZACIÓN
Ubicación ES-MaACL
Número de control de estantería 2012-F-4
Sublocalización o colección R.43821
Holdings
Estatus retirado Estado de pérdida Estado de daño No para préstamo Colección Biblioteca de origen Biblioteca actual Ubicación en estantería Fecha de adquisición Fuente de adquisición Total de préstamos Signatura topográfica completa Código de barras Visto por última vez Precio de reemplazo Tipo de ítem Koha
        Colección de folletos Biblioteca del Ateneo de Madrid Biblioteca del Ateneo de Madrid Depósito folletos 17/01/2008     2012-F-4 1099885 23/02/2023 23/02/2023 Folleto